00439cam a22001451 4500020001800000041000800018082001300026100002600039245007500065250004000140260004300180300001500223650002300238700003200261 a9788180642296 aENG a190bFAL1 aFalckenberg, Richard,10aHistory of modern philosophy from Nicolas of Cusa to the present time, a1st American from the 2d German ed. aNew York,bH. Holt and Company,c1893. axv, 655 p. 0aPhilosophy, Modern1 aArmstrong, Andrew Campbell,